How To Start An Ngo In India (Record no. 113213)

MARC details
000 -LEADER
fixed length control field 00326pam a2200145 a 4500
020 ## - INTERNATIONAL STANDARD BOOK NUMBER
Terms of availability
041 ## - LANGUAGE CODE
Language code of original
082 ## - DEWEY DECIMAL CLASSIFICATION NUMBER
Classification number 658
Item number RED
100 ## - MAIN ENTRY--PERSONAL NAME
Personal name Reddy, Sk
245 ## - TITLE STATEMENT
Title How To Start An Ngo In India
Medium Textual Documents
250 ## - EDITION STATEMENT
Edition statement 1st ed
260 ## - PUBLICATION, DISTRIBUTION, ETC.
Place of publication, distribution, etc. Ahmednagar
Name of publisher, distributor, etc. Navnarendra Prakashan
Date of publication, distribution, etc. 2012
300 ## - PHYSICAL DESCRIPTION
Extent 280
930 ## - EQUIVALENCE OR CROSS-REFERENCE-UNIFORM TITLE HEADING [LOCAL, CANADA]
Uniform title 6385
Holdings
Withdrawn status Lost status Source of classification or shelving scheme Damaged status Not for loan Home library Current library Shelving location Date acquired Source of acquisition Cost, normal purchase price Total Checkouts Full call number Barcode Date last seen Copy number Price effective from Koha item type
    Dewey Decimal Classification     Abhijit Kadam Institute of Management & Social Science, Solapur Abhijit Kadam Institute of Management & Social Science, Solapur MSW Library 30/03/2013 Bharati Madhyavarti Sahakari Grahakbhandar Limited 875.00   658 RED AKS-W-03889 01/03/2023 1 01/03/2023 Book